Driveways, paths and patios (Record no. 110163)

MARC details
000 -LEADER
fixed length control field 01216cam a22002535a 4500
001 - CONTROL NUMBER
control field L148688
008 - FIXED-LENGTH DATA ELEMENTS--GENERAL INFORMATION
fixed length control field 091020s2006 xxka f 001 0 eng d
020 ## - INTERNATIONAL STANDARD BOOK NUMBER
International Standard Book Number 9780861267788
035 ## - SYSTEM CONTROL NUMBER
System control number (Sirsi) u148688
041 0# - LANGUAGE CODE
Language code of text/sound track or separate title eng
050 04 - LIBRARY OF CONGRESS CALL NUMBER
Classification number 690.89 $2 18
100 1# - MAIN ENTRY--PERSONAL NAME
Personal name McCormack, Tony
245 00 - TITLE STATEMENT
Title Driveways, paths and patios
Remainder of title a complete guide to design, management and construction
260 ## - PUBLICATION, DISTRIBUTION, ETC.
Place of publication, distribution, etc. Ramsbury
Name of publisher, distributor, etc. Crowood
Date of publication, distribution, etc. 2006
300 ## - PHYSICAL DESCRIPTION
Extent 192p.
Other physical details col. ill., plans
Dimensions 26cm.
350 ## - PRICE (NR) (BK AM CF MU VM SE) [OBSOLETE]
Price 16.99
505 2# - FORMATTED CONTENTS NOTE
Formatted contents note A brief history of paying -- Spoiled for choice -- The design process -- DIY? Contractor? Cost -- Costing -- Tools -- Pavement layers -- Setting out -- Drainage -- Laying block paving -- Laying techniques for flags -- Laying other materials -- Steps, ramps, stepping stones and crazy paving -- Completion, remedial work and disputes
520 ## - SUMMARY, ETC.
Summary, etc. This book explains the design, planning and construction of driveways, paths and patios. It discusses the materials used for construction, explains how to estimate for costs and tools that are used in each process. Includes illustrations.
521 ## - TARGET AUDIENCE NOTE
Target audience note Advanced
590 ## - LOCAL NOTE (RLIN)
Local note KA
651 #4 - SUBJECT ADDED ENTRY--GEOGRAPHIC NAME
Geographic name United Kingdom
Chronological subdivision
690 ## - LOCAL SUBJECT ADDED ENTRY--TOPICAL TERM (OCLC, RLIN)
Topical term or geographic name as entry element BUILT ENVIRONMENT
942 ## - ADDED ENTRY ELEMENTS (KOHA)
Suppress in OPAC 0
Holdings
Withdrawn status Lost status Source of classification or shelving scheme Damaged status Not for loan Home library Current library Shelving location Date acquired Total Checkouts Full call number Barcode Date last seen Copy number Price effective from Koha item type
    Dewey Decimal Classification     London London Books 20/10/2009   690.89 MCC 30077205 06/08/2019 1 06/08/2019 Book